MARC

LEADER 00000nam0a2200000 4500
001 286048
005 20231101235844.0
035 |a (RuTPU)RU\TPU\book\310337 
090 |a 286048 
100 |a 20150303d1984 km y0rusy5003 ca 
101 0 |a rus 
102 |a RU 
105 |a a z 001zy 
200 1 |a Методические рекомендации по средне-и крупномасштабному прогнозированию месторождений элювиальных каолинов  |f Всесоюзный научно-исследовательский институт геологии нерудных полезных ископаемых (ВНИИгеолнеруд) 
210 |a Казань  |c Изд-во ВНИИгеолнеруд  |d 1984 
215 |a 66 с. 
320 |a Библиогр.: с. 58-61 
606 1 |a Каолин  |x Месторождения  |2 stltpush  |3 (RuTPU)RU\TPU\subj\13760  |9 40327 
610 1 |a каолиновые месторождения 
610 1 |a прогноз 
610 1 |a элювиальные каолины 
610 1 |a прогнозные карты 
610 1 |a составление 
610 1 |a методические рекомендации 
675 |a 553.612  |z rus  |v 4 
712 0 2 |a Всесоюзный научно-исследовательский институт геологии нерудных полезных ископаемых (ВНИИгеолнеруд)  |c (1972-1992)  |2 stltpush  |3 (RuTPU)RU\TPU\col\11533 
801 0 |a RU  |b RuMRKP  |c 19950704  |g psbo 
801 1 |a RU  |b 63413507  |c 20150303 
801 2 |a RU  |b 63413507  |c 20180219  |g RCR 
942 |c BK